| 000 | 00859nam a2200253 a 4500 | ||
|---|---|---|---|
| 001 | BRL_1646 | ||
| 005 | 20190320211314.0 | ||
| 008 | 210414s1871----mx-a######---#000-0#spa-# | ||
| 041 | _aspa | ||
| 044 | _amx | ||
| 050 | 4 |
_aF1219 _b.M46 1971 |
|
| 100 | 1 |
_aMendieta, Gerónimo de _d1525-1604 _927526 |
|
| 245 | 1 | 0 |
_aHistoria eclesiástica indiana _bobra escrita a fines del siglo XVI _cFray Gerónimo de Mendieta. |
| 250 | _a2a ed. facsimilar, y primera con la reproducción de los dibujos originales del códice | ||
| 260 |
_aMéxico _bEditorial Porrúa _c1971 |
||
| 300 |
_axlv, 790 p. _bil., láminas _c24 cm. |
||
| 440 | 0 |
_aBiblioteca Porrúa _v46 _927527 |
|
| 500 | _aAu1887 | ||
| 650 | 1 | 4 |
_aIndígenas de México _94678 |
| 650 | 1 | 4 |
_aIndígenas de México _xMisiones _9864 |
| 650 | 1 | 4 |
_aFranciscanos en México _917904 |
| 902 | _aGRL | ||
| 942 |
_2lcc _cB |
||
| 999 |
_c10455 _d10455 |
||